Greenland : Pakke Porto stamps 1905-1938 (Record no. 2740)

000 -LEADER
fixed length control field 00505nam a22000977a 4500
008 - FIXED-LENGTH DATA ELEMENTS--GENERAL INFORMATION
fixed length control field 180514b ||||| |||| 00| 0 eng d
100 ## - MAIN ENTRY--AUTHOR'S NAME
Author's Name Wowern, Eric
245 ## - TITLE STATEMENT
Title Greenland : Pakke Porto stamps 1905-1938
260 ## - PUBLICATION, DISTRIBUTION, ETC. (IMPRINT)
Place of publication, distribution, etc. Virum, Denmark
Name of publisher, distributor, etc. GF Frimaerker
Date of publication, distribution, etc. 1983
650 ## - TOPICAL TERM (Tag)
Topical term or geographic name Greenland | 1905-1938 | Parcel Post | 20th Century | Errors and Varieties | Catalogs and Price Lists | Production | Postal Markings | Postal History | Transportation of Mail | Polar Mail | Air Mail | Flights | Covers | Danish Colonies | Denmark
Holdings
Withdrawn status Lost status Source of classification or shelving scheme Damaged status Koha normalized classification for sorting Not for loan Permanent Location Current Location Shelving location Date acquired Total Checkouts Full call number Barcode Date last seen Copy number Price effective from Public note
        G3381 P225 W938   Northern Philatelic Library Northern Philatelic Library General Stacks 05/14/2018   G3381 P225 W938 1005105 05/14/2018 1 05/14/2018 7th ed (1984)

Powered by Koha